| 000 | 00769nam a2200265 i 4500 | ||
|---|---|---|---|
| 001 | 67612 | ||
| 003 | ES-MaACL | ||
| 005 | 20230906170120.0 | ||
| 007 | t| | ||
| 008 | 040608s2002 sp ||||0| spa d | ||
| 020 | _a84-95359-95-2 | ||
| 040 |
_aM-BN _bspa _cM-BN |
||
| 080 | _a821.14'06-31"19" | ||
| 100 | 1 |
_aSotiríu, Didó. _9107475 |
|
| 245 | 1 | 0 |
_aTierras de sangre / _cDidó Sotiríu ; traducción de César Montoliu. |
| 250 | _a1ª ed. | ||
| 260 |
_aBarcelona : _bEl Acantilado, _c2002. |
||
| 300 |
_a325 p. ; _c21 cm. |
||
| 490 | 1 |
_aNarrativa del Acantilado ; _v36 |
|
| 700 | 1 |
_aMontoliu, César. _982678 |
|
| 830 | 0 |
_aNarrativa del Acantilado ; _v36 _9183000 |
|
| 852 |
_aES-MaACL _jL-27859 _bR.133399 |
||
| 999 |
_c67612 _d67612 |
||